| 000 | 01117nam a2200253 a 4500 | ||
|---|---|---|---|
| 001 | 84158 | ||
| 003 | BD-RjUL | ||
| 005 | 20241023150155.0 | ||
| 008 | 241023s2022 bg a|||| m||| 00| 0 eng d | ||
| 035 | _a(BD-RjUL)84158 | ||
| 040 |
_aBD-RjUL _beng _cBD-RjUL _dBD-RjUL |
||
| 041 | _aeng | ||
| 082 |
_223 _a306.18 _bFES 2022 |
||
| 100 |
_aFerdous, Jannatul _93103 |
||
| 245 | 1 | 0 |
_aSubjective well-Being of Women in Relation to their Education Employment Status and Marital Adjustment : _bA Study on Sherpur District / _cBy Jannatul Ferdous ; _6Co-Supervisor : Md. Abdul Latif, Supervisor : Murshida Ferdous Binte Habib |
| 260 |
_aRajshahi : _bDepartment of Psychology Faculty of Biological Sciences, University of Rajshahi, _c2022 |
||
| 300 |
_aix, 187 Leaves : _bill, ; _c29 cm. |
||
| 502 | _aThesis (Ph. D.) -- Department of Psychology Faculty of Biological Sciences, University of Rajshahi, 2022 | ||
| 504 | _aReferences : Leaves 122-166 | ||
| 650 |
_aWomen _vMarital _913915 |
||
| 700 |
_aLatif, Md. Abdul, Co-Supervisor _913916 |
||
| 700 |
_aHabib, Murshida Ferdous Binte, Supervisor _913917 |
||
| 942 |
_2ddc _cTHE |
||
| 999 |
_c84158 _d84158 |
||